Quizzes
Events
Quiz Creation
Community
Videos
Private Events
Remove Ads
Sign In
Join for FREE
Feedback
Dark Mode
Quiz Categories
Sports
Geography
Music
Movies
Television
Just For Fun
Miscellaneous
History
Literature
Language
Science
Gaming
Entertainment
Religion
Holiday
For Kids
Quiz Lab
Recent
Popular Today
Quiz Kudos Today
Editor Picks
Curator Picks
Quizzes by...
Day
Popularity
Type
Ratings
Length
Year
Community
Subscriptions
Recent Discussions
Orange Saloon
Badges
Playlists
Quests
Create
Leaderboards
Showdown
Live 5
Trivia Bingo
Activity
Puzzle Library
Sporcle Events
Private Events
Virtual Trivia
Globe League
Become a Host
Pub Owners
SporcleCon
Opinionation
Our Games
Videos
Blog
Mobile Apps
Partnerships
Remove Ads and Go Orange
Feedback
Miscellaneous
Crossword
General Knowledge
Baby Names
Logo
Food
Cars
Numbers
Grab Bag
University
College
Popular
Company
Slogans
Restaurants
Justice
Letter
Miscellaneous
Crossword
General Knowledge
Baby Names
Logo
Food
Cars
Numbers
Grab Bag
University
College
Popular
Company
Slogans
Restaurants
Justice
Letter
Random Quiz
Search Sporcle
×
Quiz Lab
Quiz Lab
Miscellaneous
Typing
Type in answers that appear in a list
Type in answers that appear in a list
Classic
Best Score? Go Orange.
Can You Pass the Typing Test Stats
Can you name the words and type them in in less than 2 minutes??
By
plubby
2m
12 Questions
2,794 Plays
2,794 Plays
2,794 Plays
Comments
Comments
Give Quiz Kudos
Give Quiz Kudos
-
- Ratings
hide this ad
Forced Order
Answers have to be entered in order
Answers have to be entered in order
Replay
Link that replays current quiz
Next Quiz
Link to next quiz in quiz playlist
You Got
0%
They Got
Avg Score
63%
Avg Friend Score
Upgrade to see
Score Distribution
Jump to the score distribution portion of the page
Score
0/12
Timer
02:00
0
Plays Today
Word
Spelling
% Correct
supercalifragilisticexpialidocious
supercalifragilisticexpialidocious
97.2%
antidisestablishmentarianism
antidisestablishmentarianism
95.4%
pneumonoultramicroscopicsilicovolcanoconiosis
pneumonoultramicroscopicsilicovolcanoconiosis
83.4%
dimethylamidophenyldimethylpyrazolone
dimethylamidophenyldimethylpyrazolone
80.2%
superstitiousness
superstitiousness
78.1%
ethylenediaminetetraacetic
ethylenediaminetetraacetic
77.4%
unnecessarily
unnecessarily
76.4%
methionylthreonylthreonylglutaminylarginyl...isoleucine
methionylthreonylthreonylglutaminylarginyl...isoleucine
50.9%
lopadotemachoselachogaleokranioleipsano...pterygon
lopadotemachoselachogaleokranioleipsano...pterygon
37.8%
honorificabilitudinitatibus
honorificabilitudinitatibus
35.5%
floccinaucinihilipilification
floccinaucinihilipilification
28.5%
pseudopseudohypoparathyroidism
pseudopseudohypoparathyroidism
19.8%
Quiz Playlist
Details
Report
Send in Message
Add To Playlist
Classic:
Type in answers that appear in a list
Forced Order:
Answers have to be entered in order
Last Updated: Mar 15, 2017
Quiz Scoreboard
CHALLENGE
Sign Up to Join the Scoreboard
Show All
Scores
Hide
Comments
May contain spoilers
Recently Published
1-10 Letter E Words III
by El_Dandy
Language
2m
One Thing in Common: World Cities II
by knightlancer
Geography
7m
Popular People in 1961
by mucciniale
History
6m
More to Explore
Quiz From the Vault
Featured Blog Post
Where Did the Easter Bunny Come From?
hide this ad
You Might Also Like...
Tags
Typing Quiz
less
minute
Passing
Spelling
test
Today's Top Quizzes in Miscellaneous
Browse Miscellaneous
hide this ad
Today's Top Quizzes in Typing
Browse Typing
Top Contributed Quizzes in Miscellaneous
1
The JOE quick-fire general knowledge quiz: Day 173
2
The JOE quick-fire general knowledge quiz: Day 172
3
Sunday Crossword: Famous Bodies of Water
4
sort kpop groups by number of members
5
Named After an Animal - Odd One Out!
6
One Thing in Common: United Kingdom II
7
Lays Potato Chip Flavour Contest Finalists
8
The JOE quick-fire general knowledge quiz: Day 171
9
The JOE quick-fire quiz: Day 170
10
Parts Of A Small Engine
Explore More
Trending Topics
Harry Potter
Anime
Marvel
Disney
Kpop
Crossword
NBA
Song
Soccer
The Office
WWE
NFL
Pokémon
Country
Puzzle
hide this ad
More By:
plubby
Quiz
Plays
Rating
Category
Featured
Created
Can You Pass the Typing Test
2,794
3.00
Miscellaneous
Oct 23, 2009
Useless Facts
2,293
3.10
Just For Fun
Dec 13, 2009
Guess The Lyrics.Yes, another one.
1,254
2.07
Music
Dec 21, 2009
Can you name all Marianas Trench's songs?
981
5.00
Music
Oct 25, 2009
Club Penguin Places
740
3.60
Gaming
Oct 4, 2009
Go to Creator's Profile
Score Distribution
Quiz Creator Spotlight
plubby
Follow
Send a Message
Quizzes Created
-
Created Quiz Play Count
-
More By This Creator
Popular Quizzes Today
1
Find the US States - No Outlines Minefield
2
The Countries of the World
3
Popular People in 1961
4
Find the Countries of Europe - No Outlines Minefield
5
1-10 Letter E Words III
6
Find the US States
7
One Thing in Common: World Cities II
8
US States
More Miscellaneous Quizzes
Letter 'L' Bunker
Published
Trending Quizzes
1-10 Letter F Words
One Thing in Common: Music
1-10 Letter G Words
Risky Map Clicking: Next State Alphabetically
1-10 Letter F Words II
Recently Updated
Leaping Animals
pecheneg
Reality TV Shows (A-Z)
bhenderson79
Rickey Henderson's Hall of Fame Teammates
pecheneg
Champions League XIs: Arsenal
pecheneg
Quick Pick: Celebrities in WWE's Hall of Fame
aduchscher
A-Z Keypad Blitz II
pecheneg
Multiple Oscar Actors
pecheneg
Mystery Phrase Blitz: Oscar 'Best Actors'
pecheneg
F. Scott Fitzgerald Novels
LTH
Pick 3 Villains
ddd62291
Trending Topics
Disney
NBA
Marvel
Anime
Kpop
Crossword
Harry Potter
Country
Pokémon
Soccer
NFL
Song
WWE
Puzzle
The Office
Your Account Isn't Verified!
In order to create a playlist on Sporcle, you need to verify the email address you used during registration. Go to your
Sporcle Settings
to finish the process.
Report this User
Report this user for behavior that violates our
Community Guidelines
.
Details:
Send Report
Go to the Sporcle.com Mobile Site →
Comments